Why surveyors should not get hung up on case law (Record no. 76100)
[ view plain ]
| 000 -LEADER | |
|---|---|
| fixed length control field | 01113cab a2200181 4500 |
| 001 - CONTROL NUMBER | |
| control field | ##L131470 |
| 008 - FIXED-LENGTH DATA ELEMENTS--GENERAL INFORMATION | |
| fixed length control field | 051107n2005 000 0 eng u |
| 035 ## - SYSTEM CONTROL NUMBER | |
| System control number | (Sirsi) u131470 |
| 041 0# - LANGUAGE CODE | |
| Language code of text/sound track or separate title | eng |
| 100 1# - MAIN ENTRY--PERSONAL NAME | |
| Personal name | King, Vivien |
| 245 00 - TITLE STATEMENT | |
| Title | Why surveyors should not get hung up on case law |
| 260 ## - PUBLICATION, DISTRIBUTION, ETC. | |
| Date of publication, distribution, etc. | 2005 |
| 490 #0 - SERIES STATEMENT | |
| Series statement | Journal of Building Appraisal |
| Volume/sequential designation | 1(3) September 2005, 268-273(6) |
| 520 ## - SUMMARY, ETC. | |
| Summary, etc. | Argues that judges give decisions based upon the particular facts presented to them in each case. Warns that it is easy for a surveyor to mislead himself and his clients if he relies solely on the outcome of a case, without knowing the relevant facts. He runs the risk of giving his client the wrong advice by taking words out of context, without distinguishing the facts in the quoted case from those in which he is giving advice. Judges only provide guidance and clarification of the law. Examples from the law of dilapidations and landlord and tenant. |
| 590 ## - LOCAL NOTE (RLIN) | |
| Local note | IKA081105 |
| 690 ## - LOCAL SUBJECT ADDED ENTRY--TOPICAL TERM (OCLC, RLIN) | |
| Topical term or geographic name as entry element | MANAGEMENT-DISPUTE AVOIDANCE, MANAGEMENT AND RESOLUTION-DISPUTE MANAGEMENT AND RESOLUTION-CASE MANAGEMENT |
| 942 ## - ADDED ENTRY ELEMENTS (KOHA) | |
| Suppress in OPAC | 0 |
| Withdrawn status | Lost status | Source of classification or shelving scheme | Damaged status | Not for loan | Home library | Current library | Shelving location | Date acquired | Total Checkouts | Full call number | Barcode | Date last seen | Copy number | Price effective from | Koha item type |
|---|---|---|---|---|---|---|---|---|---|---|---|---|---|---|---|
| Dewey Decimal Classification | London | London | Journal article | 07/11/2005 | L131470 | 131470-1001 | 06/08/2019 | 1 | 06/08/2019 | Journal article |